书目信息 |
| 题名: |
《孔乙己》评析
|
|
| 作者: | 陈亮亮 主编 | |
| 分册: | ||
| 出版信息: | 沈阳 辽海出版社 2019 |
|
| 页数: | 251页 | |
| 开本: | 21cm | |
| 丛书名: | 鲁迅经典 | |
| 单 册: | ||
| 中图分类: | I210.976 | |
| 科图分类: | ||
| 主题词: | ||
| 电子资源: | ||
| ISBN: | 978-7-5451-5286-9 | |
| 000 | 01134nam2 2200253 4545 | |
| 001 | 012001006955 | |
| 005 | 20130301102129.0 | |
| 010 | @a978-7-5451-5286-9@dCNY38.00 | |
| 100 | @a20190528d2019 em y0chiy50 ea | |
| 101 | 0 | @achi |
| 102 | @aCN@b210000 | |
| 105 | @aa z 000yy | |
| 106 | @ar | |
| 200 | 1 | @a《孔乙己》评析@9《 kong yi ji 》 ping xi@b专著@f陈亮亮主编 |
| 210 | @a沈阳@c辽海出版社@d2019 | |
| 215 | @a251页@c图@d21cm | |
| 225 | 2 | @a鲁迅经典 |
| 330 | @a本书分原著和评析两部分。原著讲民国初年,虽已揭开了新文化运动的序幕,但是封建复古的逆流仍很猖獗,孔孟之道仍然是社会教育的核心内容,要拯救青年一代,不能让他们再走老路。鲁迅在书中选取了社会的一角--鲁镇的咸亨酒店,艺术地展现了20多年前社会上的这种贫苦知识分子孔乙己的生活,启发读者对照孔乙己的生活道路和当时的教育现状,思考当时的社会教育和学校教育,进一步批判封建教育制度和科举制度。本书除了收录原书外,重点是对原书进行了评论和解读,以引导读者更好地理解领会原著。 | |
| 461 | 0 | @12001 @a鲁迅经典 |
| 605 | @a《孔乙己》@x小说评论 | |
| 690 | @aI210.976@v5 | |
| 701 | 0 | @a陈亮亮@9chen liang liang@4主编 |
| 801 | 2 | @aCN@b上海新华@c20191020 |
| 905 | @b1132583-6@dI210.976@e353@f4 | |
| 《孔乙己》评析/陈亮亮主编.-沈阳:辽海出版社,2019 |
| 251页:图;21cm.-(鲁迅经典) |
| ISBN 978-7-5451-5286-9:CNY38.00 |
| 本书分原著和评析两部分。原著讲民国初年,虽已揭开了新文化运动的序幕,但是封建复古的逆流仍很猖獗,孔孟之道仍然是社会教育的核心内容,要拯救青年一代,不能让他们再走老路。鲁迅在书中选取了社会的一角--鲁镇的咸亨酒店,艺术地展现了20多年前社会上的这种贫苦知识分子孔乙己的生活,启发读者对照孔乙己的生活道路和当时的教育现状,思考当时的社会教育和学校教育,进一步批判封建教育制度和科举制度。本书除了收录原书外,重点是对原书进行了评论和解读,以引导读者更好地理解领会原著。 |
| ● |
| 相关链接 |
|
|
|
|
正题名:《孔乙己》评析
索取号:I210.976/353
 
预约/预借
| 序号 | 登录号 | 条形码 | 馆藏地/架位号 | 状态 | 备注 |
| 1 | 1132583 | 211325831 | 第一样本阅览室/ [索取号:I210.976/353] | 在馆 | |
| 2 | 1132584 | 211325840 | 第二借阅区/ [索取号:I210.976/353] | 在馆 | |
| 3 | 1132585 | 211325859 | 第二借阅区/ [索取号:I210.976/353] | 在馆 | |
| 4 | 1132586 | 211325868 | 第二借阅区/ [索取号:I210.976/353] | 在馆 |